Vía Láctea. Diplomados en escritura creativa.

Uloženo v:
Podrobná bibliografie
Další autoři: Winter Sepúlveda, Enrique Andrés (Editor)
Médium: Kniha
Vydáno: Viña del Mar, Chile: Instituto de Arte PUCV, 2023.
Témata:
Tagy: Přidat tag
Žádné tagy, Buďte první, kdo vytvoří štítek k tomuto záznamu!

MARC

LEADER 00000nam a22000007a 4500
003 CL-VaPUC
005 20240703155925.0
008 240402t2023 ||||| |||| 00| 0 eng d
999 |c 443403  |d 443401 
020 |a 978-956-6127-40-6 
040 |c Pontificia Universidad Católica de Valparaíso 
082 7 |2 22  |a Ch868 WIN 2023 
100 |a Winter Sepúlveda, Enrique Andrés  |9 799780  |e editor 
245 |a Vía Láctea.  |b Diplomados en escritura creativa. 
260 |a Viña del Mar, Chile:  |b Instituto de Arte PUCV,  |c 2023. 
300 |a 198 páginas. 
500 |a c.1-2. Donación Bruno Cuneo. Memo ART N° 1/2024. 
583 |c 20240402  |k Catalogador Asistente 
650 0 |a Arte de escribir  |v Escritura creativa  |v Antología  |9 316418 
942 |2 ddc  |c BK 
952 |0 0  |1 0  |2 ddc  |4 0  |6 CH_868_000000000000000_WIN_2023  |7 0  |8 A  |9 593938  |a BIBART  |b BIBART  |d 2024-04-02  |e Donación  |i 5660582  |o Ch868 WIN 2023  |p 5660582  |r 2025-03-13  |t 1  |w 2024-04-02  |y BK  |k ART 
952 |0 0  |1 0  |2 ddc  |4 0  |6 CH_868_000000000000000_WIN_2023  |7 0  |8 A  |9 593939  |a BIBART  |b BIBART  |d 2024-04-02  |e Donación  |i 5660583  |o Ch868 WIN 2023  |p 5660583  |r 2025-03-13  |t 2  |w 2024-04-02  |y BK  |k ART